| 000 | 01148nam a2200301 4500 | ||
|---|---|---|---|
| 003 | EG-GICUC | ||
| 005 | 20260425125645.0 | ||
| 008 | 130918s1997####ua#####fr#####000#0#ara#c | ||
| 020 | _a977-5682-06-1 | ||
| 040 |
_a EG-GICUC _bara _c EG-GICUC _d EG-GICUC _erda |
||
| 041 | 0 | _aara | |
| 082 | 0 | 4 |
_221 _a341.83 _bه ش . ط |
| 092 | 0 | 4 | _221 |
| 099 | _aLaw1 11 341.83 ه ش . ط 1997 | ||
| 100 | 0 |
_aهشام خالد _eAuthor. |
|
| 245 | 1 | 2 |
_aطبيعة قواعد الاختصاص القضائي الدولي وأثرها علي تنفيذ الأحكام الأجنبية : _bدراسة لإتجاهات الفقه والقضاء / _cهشام خالد. |
| 250 | _aطبعة اولى | ||
| 264 | 1 |
_aالاسكندريه : _bمركز الإسكندرية للكتاب، _c1997. |
|
| 300 |
_a203 ؛ صفحة _c24 سم |
||
| 336 |
_2rda content _atext |
||
| 337 |
_2rda media _aComputer |
||
| 338 |
_2rda carrier _aOnline Resource |
||
| 546 | _aالنص باللغة العربية | ||
| 650 | 1 | 4 | _aالقانون الدولي الخاص |
| 856 | 4 | 0 | _uhttps://fll.law.cu.edu.eg/fulltext/bks/B12-02933.pdf |
| 905 | _a30 | ||
| 942 |
_2ddc _cBK _e21 _n0 |
||
| 999 |
_c73331 _d73331 |
||